| 000 | 00571nam a2200181Ia 4500 | ||
|---|---|---|---|
| 008 | 151121s9999||||xx |||||||||||||| ||und|| | ||
| 082 | _a813-/सरदे | ||
| 082 | _bHNW-14336 | ||
| 100 | _aसरदेसाई लक्ष्मणराव | ||
| 245 | _aभावचित्रे | ||
| 260 | _c-- | ||
| 300 | _a157 | ||
| 600 | _aसरदेसाई लक्ष्मणराव | ||
| 630 | _aभावचित्रे | ||
| 700 | _aसरदेसाई लक्ष्मणराव | ||
| 730 | _aभावचित्रे | ||
| 942 | _cBOOK | ||
| 999 |
_c1218056 _d1218053 |
||